000 01031nam a2200229Ia 4500
003 Ost
005 20260507075551.0
008 260507s9999||||xx |||||||||||||| ||und||
020 _a×996100969
040 _cfsecg
041 _aara
082 _a342.06
100 _aحجري، فؤاد
_eمؤلف
245 0 _aقانون الصفقات العمومية والقوانين الخاصة بالإقتصاد /
_c فؤاد حجري
260 _aالجزائر :
_bديوان المطبوعات الجامعية,
_c2006
300 _a507 صفحة؛
_bإيضاحات ؛
_c24 سم
490 _aسلسلة القوانين الإدارية
520 _aيعتبر هذا الكتاب جزء من سلسلة القوانين الإدارية يحمل مجموعة من القوانين الخاصة بقانون الصفقات العمومية والقوانين الخاصة بالإقتصاد
653 _aالقانون الإداري
700 _aبن بلة ، أحمد
_eمؤلف ثانوي
942 _cكتاب
999 _c44916
_d44916